| 000 | 00000nam##2200000za#4500 |
| 001 | 9.616539 |
| 003 | CaOODSP |
| 005 | 20200327143437 |
| 007 | ta |
| 008 | 150406|2002||||xxc||||| f|0| 0 eng|d |
| 022 | |a0706-6457 |
| 040 | |aCaOODSP|beng |
| 043 | |an-cn--- |
| 086 | 1 |aFs97-6/2441E |
| 110 | 1 |aCanada. |bDepartment of Fisheries and Oceans. |
| 245 | 10|aTime series analysis of temperature, salinity, chlorophyll and oxygen data from Tracadie Bay, PEI / |c[by] M. Dowd, F. Page and R. Losier. |
| 260 | |aOttawa - Ontario : |bFisheries and Oceans Canada |c2002. |
| 300 | |aiii, 86p. : |bgraphs, references, tables ; |c28 cm. |
| 490 | 1 |aCanadian technical report of fisheries and aquatic sciences|x0706-6457|v2441 |
| 500 | |a"Fisheries and Oceans Canada, Science Branch, Ocean Sciences Division, Biological Station, 531 Brandy Cove Road, St. Andrews, NB, Canada E3B 2L9". "This is the two hundred and forty-eighth Technical Report of the Biological Station, St. Andrews, N.B." |
| 546 | |a(Textes d'introduction en anglais et en français.) |
| 563 | |aSoftcover |
| 590 | |a03-42|b2003-10-17 |
| 690 | 07|aWeather|2gcpds |
| 720 | 1 |aPage, F. |
| 720 | 1 |aDowd, M. |
| 720 | 1 |aLosier, R. |
| 776 | 0#|tTime series analysis of temperature, salinity, chlorophyll and oxygen data from Tracadie Bay, PEI / |w(CaOODSP)9.574067 |
| 830 | #0|aCanadian technical report of fisheries and aquatic sciences,|x0706-6457|v2441|w(CaOODSP)9.514691 |